[Event "Basingstoke Spring Bank op U1825 2nd"]
[Site "Basingstoke"]
[Date "2019.05.27"]
[Round "6.14"]
[White "Chadwick, Susan E"]
[Black "Bullock, Lee"]
[Result "0-1"]
[WhiteElo "1512"]
[BlackElo "1516"]
[PlyCount "98"]
[EventDate "2019.05.24"]
[EventType "swiss"]
[EventRounds "7"]
[EventCountry "ENG"]
[SourceTitle "EXT 2023"]
[Source "ChessBase"]
[SourceDate "2022.10.05"]
[SourceVersion "1"]
[SourceVersionDate "2022.10.05"]
[SourceQuality "1"]

1. d4 d6 2. Nf3 Nd7 3. e4 e5 4. c3 h6 5. Bd3 Ngf6 6. Nbd2 c6 7. Qb3 Be7 8. 0-0 Qc7 9. Re1 g5 10. dxe5 dxe5 11. Bc4 Rh7 12. Nf1 b5 13. Bd3 Nc5 14. Qc2 Ne6 15. Ng3 Nf4 16. Bf1 Bg4 17. Nf5 Bxf3 18. gxf3 Bc5 19. Be3 Bxe3 20. fxe3 Ne6 21. Rad1 Rd8 22. Rxd8+ Qxd8 23. Rd1 Qb6 24. Kg2 g4 25. Qd2 gxf3+ 26. Kxf3 Ng5+ 27. Ke2 Ngxe4 28. Nd6+ Kf8 29. Nxe4 Nxe4 30. Qd3 f5 31. Bh3 Ke8 32. Bxf5 Nc5 33. Qd6 Re7 34. Qg6+ Rf7 35. Rd6 e4 36. Qg8+ Ke7 37. Qg6 Rxf5 38. Rd2 Rf6 39. Qg7+ Rf7 40. Qe5+ Kf8 41. Qh8+ Ke7 42. Qxh6 Nd3 43. Qh4+ Kf8 44. Qxe4 Nf4+ 45. Kd1 Nd5 46. Rd4 Qc7 47. Rd2 a5 48. Qd4 Nf6 49. Qc5+ Ke8 0-1

[Event "Basingstoke Spring Bank op U1825 2nd"]
[Site "Basingstoke"]
[Date "2019.05.26"]
[Round "4.16"]
[White "Bullock, Lee"]
[Black "Kumar, Sanjit S"]
[Result "1-0"]
[WhiteElo "1516"]
[BlackElo "1298"]
[PlyCount "165"]
[EventDate "2019.05.24"]
[EventType "swiss"]
[EventRounds "7"]
[EventCountry "ENG"]
[SourceTitle "EXT 2023"]
[Source "ChessBase"]
[SourceDate "2022.10.05"]
[SourceVersion "1"]
[SourceVersionDate "2022.10.05"]
[SourceQuality "1"]

1. d4 d5 2. Bf4 Nf6 3. e3 Bf5 4. Bd3 Bg6 5. Nf3 e6 6. c3 Bd6 7. Ne5 Bxd3 8. Qxd3 Nbd7 9. Nd2 0-0 10. Ndf3 Ne4 11. Nxd7 Qxd7 12. Bg3 f6 13. Nd2 Nxg3 14. hxg3 h6 15. g4 Qf7 16. f4 e5 17. g3 exf4 18. gxf4 Rae8 19. 0-0-0 c5 20. dxc5 Bxc5 21. Rh3 b5 22. Nb3 Bb6 23. g5 fxg5 24. fxg5 h5 25. Nd4 Bxd4 26. Qxd4 g6 27. Qxd5 Qxd5 28. Rxd5 Rf1+ 29. Kc2 Rf2+ 30. Kb3 Rb8 31. e4 a5 32. Rhd3 Rb6 33. Rd8+ Kf7 34. R3d5 b4 35. Rd2 bxc3+ 36. Kxc3 Rc6+ 37. Kb3 Rxd2 38. Rxd2 Ke6 39. Rd5 Ra6 40. Kc3 Ra7 41. b3 Ra8 42. Kd2 Ra7 43. Ke3 Ra8 44. Rb5 Ra6 45. Kf4 a4 46. b4 a3 47. Ra5 Rb6 48. b5 Ke7 49. Ra7+ Kf8 50. Rxa3 Rxb5 51. Ra6 Kf7 52. a4 Rb1 53. Rf6+ Kg7 54. a5 Rg1 55. a6 Rf1+ 56. Ke5 Rg1 57. Kf4 Rg4+ 58. Ke3 Rxg5 59. Rb6 Ra5 60. Rb7+ Kh6 61. a7 g5 62. Kd4 h4 63. e5 g4 64. e6 g3 65. e7 g2 66. Rb1 Ra4+ 67. Ke5 Rb4 68. e8Q Rxb1 69. Qh8+ Kg6 70. Qg8+ Kh6 71. Qxg2 Rb5+ 72. Kd6 Rb6+ 73. Kc7 Rg6 74. Qxg6+ Kxg6 75. a8Q Kg5 76. Qg2+ Kh5 77. Kd6 Kh6 78. Ke6 h3 79. Qxh3+ Kg5 80. Qf3 Kh4 81. Qg2 Kh5 82. Kf5 Kh6 83. Qg6# 1-0

[Event "Gibraltar Masters 16th"]
[Site "Caleta"]
[Date "2018.01.27"]
[Round "5"]
[White "Lochte, Szilvia"]
[Black "Bullock, Lee"]
[Result "1-0"]
[WhiteElo "1862"]
[BlackElo "1572"]
[PlyCount "81"]
[EventDate "2018.01.23"]
[EventType "swiss"]
[EventRounds "10"]
[EventCountry "GGB"]
[SourceTitle "CBM 183"]
[Source "ChessBase"]
[SourceDate "2018.03.14"]
[SourceVersion "1"]
[SourceVersionDate "2018.03.14"]
[SourceQuality "1"]

1. d4 d6 2. e4 Nd7 3. Nf3 e5 4. Bc4 Be7 5. dxe5 dxe5 6. Qd5 Nh6 7. Bxh6 0-0 8. Be3 c6 9. Qd2 h6 10. 0-0 Qc7 11. c3 b5 12. Be2 Nf6 13. Qc2 Ng4 14. Qc1 Nf6 15. Nbd2 Be6 16. h3 Nh5 17. a4 a6 18. Rd1 Nf4 19. Bf1 g5 20. Kh2 g4 21. hxg4 Bxg4 22. g3 Ng6 23. Bxh6 Rfd8 24. Bh3 Bxh3 25. Kxh3 Kh7 26. Be3 Kg7 27. Kg2 Rh8 28. Rh1 Rxh1 29. Qxh1 Rh8 30. Qg1 Qd7 31. Kf1 Qg4 32. axb5 axb5 33. Ke2 Rd8 34. Qh1 Rh8 35. Qf1 Rh2 36. Kd3 Qd7+ 37. Kc2 Rh8 38. Ra7 Qg4 39. Nxe5 Nxe5 40. Rxe7 Kf6 41. Rxe5 1-0

[Event "Gibraltar Amateur op-A"]
[Site "Caleta"]
[Date "2018.01.25"]
[Round "4"]
[White "Bullock, Lee"]
[Black "Opasiak, Dustin Tennessee"]
[Result "0-1"]
[WhiteElo "1572"]
[BlackElo "1797"]
[PlyCount "70"]
[EventDate "2018.01.22"]
[EventType "swiss"]
[EventRounds "5"]
[EventCountry "GGB"]
[SourceTitle "EXT 2019"]
[Source "ChessBase"]
[SourceDate "2018.10.10"]
[SourceVersion "1"]
[SourceVersionDate "2018.10.10"]
[SourceQuality "1"]

1. d4 c5 2. e4 cxd4 3. c3 dxc3 4. Nxc3 Nc6 5. Nf3 d6 6. Bc4 h6 7. 0-0 Nf6 8. Bf4 e5 9. Be3 Be7 10. h3 0-0 11. Qe2 Be6 12. Bxe6 fxe6 13. Rfd1 Rc8 14. Rac1 d5 15. exd5 exd5 16. Nxd5 Nxd5 17. Qb5 Ncb4 18. a3 Nxe3 19. Rxd8 Rxc1+ 20. Kh2 Nf1+ 21. Kh1 Rxd8 22. axb4 Nd2+ 23. Ng1 Bf6 24. Qxb7 Nf1 25. g3 Rdd1 26. Kg2 Nxg3 27. fxg3 Rxg1+ 28. Kf2 Rgd1 29. Qa8+ Rd8 30. Qxa7 Rc2+ 31. Ke3 Rxb2 32. Qc5 Rb3+ 33. Kf2 Rb2+ 34. Ke3 Rb8 35. Qd5+ Kh8 0-1

[Event "Gibraltar Masters 15th"]
[Site "Caleta"]
[Date "2017.01.26"]
[Round "3"]
[White "Bullock, Lee"]
[Black "Byrn, Carsten"]
[Result "1/2-1/2"]
[WhiteElo "1563"]
[BlackElo "2003"]
[PlyCount "102"]
[EventDate "2017.01.24"]
[EventType "swiss"]
[EventRounds "10"]
[EventCountry "GGB"]
[SourceTitle "CBM 177"]
[Source "ChessBase"]
[SourceDate "2017.03.16"]
[SourceVersion "1"]
[SourceVersionDate "2017.03.16"]
[SourceQuality "1"]

1. d4 Nf6 2. Bf4 c5 3. e3 b6 4. Nf3 Bb7 5. Nbd2 g6 6. Bd3 Bg7 7. c3 0-0 8. Qc2 d6 9. 0-0-0 Nbd7 10. h4 Rc8 11. h5 cxd4 12. exd4 Nd5 13. hxg6 fxg6 14. Bh6 N7f6 15. Bxg6 hxg6 16. Qxg6 Rf7 17. Ng5 Qe8 18. Nde4 Rc7 19. Ne6 Nf4 20. Nxf6+ exf6 21. Nxf4 Be4 22. Bxg7 Bxg6 23. Rh8+ Kxg7 24. Rxe8 Bf5 25. Ne6+ Bxe6 26. Rxe6 Rfd7 27. Rde1 Kf7 28. Kd2 Rc8 29. b4 Rh8 30. R6e3 a5 31. Rh3 Rxh3 32. gxh3 axb4 33. cxb4 Ra7 34. Ra1 Ra3 35. h4 Ke6 36. Kc2 Kd5 37. Kb2 Rf3 38. Rc1 Rxf2+ 39. Rc2 Rf4 40. Rh2 Rxd4 41. a3 Rg4 42. h5 Rg7 43. Rf2 Ke5 44. a4 Rg4 45. Kc3 Rh4 46. Re2+ Kd5 47. Rd2+ Kc6 48. Rf2 Rxh5 49. Rxf6 Rh3+ 50. Kc4 Rh4+ 51. Kc3 Rh3+ 1/2-1/2

[Event "Gibraltar Amateur op-A"]
[Site "Caleta"]
[Date "2017.01.25"]
[Round "3"]
[White "Bullock, Lee"]
[Black "Savage, Neil"]
[Result "1-0"]
[WhiteElo "1563"]
[BlackElo "1705"]
[PlyCount "35"]
[EventDate "2017.01.23"]
[EventType "swiss"]
[EventRounds "5"]
[EventCountry "GGB"]
[SourceTitle "CBM 176 Extra"]
[Source "ChessBase"]
[SourceDate "2017.03.02"]
[SourceVersion "1"]
[SourceVersionDate "2017.03.02"]
[SourceQuality "1"]

1. d4 Nf6 2. Bf4 c5 3. e3 g6 4. Bd3 Bg7 5. c3 b6 6. Nf3 0-0 7. Nbd2 Bb7 8. Qc2 d6 9. h4 Nbd7 10. h5 Re8 11. hxg6 hxg6 12. Ng5 e5 13. Nxf7 Qe7 14. Bxg6 exf4 15. Nh6+ Bxh6 16. Bxe8 Rxe8 17. Rxh6 Qg7 18. Rg6 1-0

[Event "Gibraltar Amateur op-A"]
[Site "Caleta"]
[Date "2017.01.23"]
[Round "1"]
[White "Maman, Emanuel"]
[Black "Bullock, Lee"]
[Result "1-0"]
[WhiteElo "1778"]
[BlackElo "1563"]
[PlyCount "59"]
[EventDate "2017.01.23"]
[EventType "swiss"]
[EventRounds "5"]
[EventCountry "GGB"]
[SourceTitle "CBM 176 Extra"]
[Source "ChessBase"]
[SourceDate "2017.03.02"]
[SourceVersion "1"]
[SourceVersionDate "2017.03.02"]
[SourceQuality "1"]

1. e4 c5 2. Nf3 d6 3. c4 Nf6 4. Nc3 e5 5. d3 Be7 6. Be2 h6 7. a3 a5 8. Bd2 Nbd7 9. Rc1 g5 10. g3 Nf8 11. Nb5 Ne6 12. b4 axb4 13. axb4 b6 14. 0-0 Bd7 15. bxc5 bxc5 16. Qc2 Rg8 17. Ra1 h5 18. Kh1 Rxa1 19. Rxa1 g4 20. Nh4 Bxb5 21. cxb5 Nd4 22. Qd1 Nd7 23. Nf5 Nxf5 24. exf5 Nb6 25. Ra6 Qb8 26. Bf1 h4 27. Bg2 Bd8 28. Ba5 Ke7 29. Qd2 Na4 30. Bxd8+ 1-0

[Event "London Classic op U1750 8th"]
[Site "London"]
[Date "2016.12.13"]
[Round "2"]
[White "Westhead, Peter C"]
[Black "Bullock, Lee"]
[Result "0-1"]
[WhiteElo "1442"]
[BlackElo "1581"]
[PlyCount "74"]
[EventDate "2016.12.12"]
[EventType "swiss"]
[EventRounds "5"]
[EventCountry "ENG"]
[SourceTitle "EXT 2019"]
[Source "ChessBase"]
[SourceDate "2018.10.10"]
[SourceVersion "1"]
[SourceVersionDate "2018.10.10"]
[SourceQuality "1"]

1. e4 c5 2. Nf3 d6 3. Be2 Nf6 4. d3 Nc6 5. Nbd2 e5 6. 0-0 Be7 7. Re1 h6 8. c3 Be6 9. Nf1 Qd7 10. Ne3 g5 11. a4 0-0-0 12. Qc2 g4 13. Nd2 Kb8 14. Ndf1 d5 15. Ng3 Bd6 16. exd5 Nxd5 17. Ne4 Nf4 18. Bf1 Be7 19. Rd1 Na5 20. c4 Nc6 21. Ra3 Nd4 22. Qb1 h5 23. g3 Nh3+ 24. Kg2 f5 25. Nd2 Qc6+ 26. Ne4 fxe4 27. dxe4 Rhf8 28. Bd3 Rxf2+ 29. Kh1 Nf3 30. Nf1 Bxc4 31. Be3 Bxd3 32. Raxd3 Rxd3 33. Qxd3 Rxb2 34. Qc4 Nd4 35. Nd2 Nf3 36. Qd3 Nxd2 37. Bxd2 Nf2+ 0-1

[Event "London Classic op U1600 8th"]
[Site "London"]
[Date "2016.12.10"]
[Round "2"]
[White "Ramesh, Raghav"]
[Black "Bullock, Lee"]
[Result "0-1"]
[WhiteElo "1082"]
[BlackElo "1581"]
[PlyCount "76"]
[EventDate "2016.12.09"]
[EventType "swiss"]
[EventRounds "5"]
[EventCountry "ENG"]
[SourceTitle "EXT 2019"]
[Source "ChessBase"]
[SourceDate "2018.10.10"]
[SourceVersion "1"]
[SourceVersionDate "2018.10.10"]
[SourceQuality "1"]

1. e4 c5 2. Nc3 d6 3. Nf3 Nc6 4. Bc4 Nf6 5. Ng5 e6 6. e5 Nxe5 7. Bb5+ Nc6 8. 0-0 Be7 9. d3 0-0 10. Qf3 Nd4 11. Qh3 e5 12. Nd5 Bxh3 13. Nxh3 Nxd5 14. Bc4 Nf6 15. Bg5 h6 16. Bxf6 Bxf6 17. c3 Nc6 18. d4 cxd4 19. cxd4 Nxd4 20. f4 Qb6 21. Rad1 Nc2+ 22. Nf2 Ne3 23. Rd3 Nxc4 24. fxe5 Bxe5 25. Kh1 Bd4 26. Ng4 f5 27. Nxh6+ gxh6 28. Rg3+ Kh7 29. b3 Ne5 30. Rh3 Ng4 31. Rh5 Nf2+ 32. Kg1 Nh3+ 33. Kh1 Nf2+ 34. Kg1 Nd3+ 35. Kh1 Be5 36. Rf3 Nf2+ 37. Kg1 Nh3+ 38. Kh1 Qg1# 0-1

[Event "GBR-ch Major 103rd"]
[Site "Bournemouth"]
[Date "2016.08.02"]
[Round "8"]
[White "Bullock, Lee"]
[Black "Akeya Price, Robert A"]
[Result "0-1"]
[WhiteElo "1572"]
[BlackElo "1669"]
[PlyCount "56"]
[EventDate "2016.07.25"]
[EventType "swiss"]
[EventRounds "11"]
[EventCountry "ENG"]
[SourceTitle "CBM 173 Extra"]
[Source "ChessBase"]
[SourceDate "2016.08.29"]
[SourceVersion "1"]
[SourceVersionDate "2016.08.29"]
[SourceQuality "1"]

1. Nf3 Nf6 2. d4 e6 3. c4 b6 4. Nc3 Bb4 5. Qc2 Bb7 6. a3 Bxc3+ 7. bxc3 Ne4 8. a4 d6 9. e3 Nd7 10. Nd2 f5 11. Nxe4 Bxe4 12. Bd3 Bxg2 13. Rg1 Bb7 14. e4 Qh4 15. exf5 Qxh2 16. Rxg7 exf5 17. Qe2+ Ne5 18. dxe5 0-0-0 19. Bxf5+ Kb8 20. Be4 Qxe5 21. Bxb7 Qxg7 22. Qf3 Rhf8 23. Qg2 Qxc3+ 24. Kd1 Rde8 25. Bd2 Qxa1+ 26. Kc2 Qxa4+ 27. Kb2 Qxc4 28. Ba8 Qa6 0-1

[Event "GBR-ch Major 103rd"]
[Site "Bournemouth"]
[Date "2016.07.29"]
[Round "5"]
[White "Bullock, Lee"]
[Black "Camp, Imogen AL"]
[Result "0-1"]
[WhiteElo "1572"]
[BlackElo "1726"]
[PlyCount "43"]
[EventDate "2016.07.25"]
[EventType "swiss"]
[EventRounds "11"]
[EventCountry "ENG"]
[SourceTitle "CBM 173 Extra"]
[Source "ChessBase"]
[SourceDate "2016.08.29"]
[SourceVersion "1"]
[SourceVersionDate "2016.08.29"]
[SourceQuality "1"]

1. e4 e5 2. d3 Nc6 3. Nd2 Bc5 4. Ngf3 d6 5. c3 Nf6 6. Be2 h6 7. h3 Bb6 8. Qc2 Be6 9. Nf1 d5 10. b4 a6 11. Bd2 Qd6 12. Ng3 d4 13. a3 dxc3 14. Bxc3 0-0 15. Nf1 Rfd8 16. g4 Nh7 17. Bd2 Nd4 18. Nxd4 Qxd4 19. Bc3 Qxf2+ 20. Kd1 Qf6 21. Ng3 Qf4 22. Rg1 0-1

[Event "Crawley e2e4 Gatwick op U1650"]
[Site "Crawley"]
[Date "2016.05.28"]
[Round "3"]
[White "Spooner, Keith C"]
[Black "Bullock, Lee"]
[Result "1/2-1/2"]
[WhiteElo "1514"]
[BlackElo "1556"]
[PlyCount "120"]
[EventDate "2016.05.27"]
[EventType "swiss"]
[EventRounds "7"]
[EventCountry "ENG"]
[SourceTitle "EXT 2019"]
[Source "ChessBase"]
[SourceDate "2018.10.10"]
[SourceVersion "1"]
[SourceVersionDate "2018.10.10"]
[SourceQuality "1"]

1. d4 Nf6 2. Nf3 b6 3. e3 Bb7 4. Bd3 e6 5. Nbd2 c5 6. c3 d5 7. 0-0 a6 8. Qe2 Nbd7 9. e4 dxe4 10. Nxe4 Be7 11. Re1 Qc7 12. Bg5 0-0 13. Nxf6+ Nxf6 14. Ne5 g6 15. Bxf6 Bxf6 16. dxc5 bxc5 17. Ng4 Bg7 18. Be4 Bxe4 19. Qxe4 Rfe8 20. Qe2 Red8 21. Rad1 Qa5 22. a3 Rab8 23. Rxd8+ Rxd8 24. Rd1 Rxd1+ 25. Qxd1 Qb6 26. Qe2 Qb5 27. Qxb5 axb5 28. Ne3 Kf8 29. Kf1 Ke7 30. Ke2 Kd6 31. f3 Kc6 32. Nd1 Kd5 33. Ne3+ Kc6 34. Kd3 Be5 35. h3 f5 36. g4 Kd7 37. b3 Ke7 38. c4 f4 39. Ng2 bxc4+ 40. bxc4 g5 41. Ke4 Bb2 42. a4 Kd6 43. Kd3 Kc6 44. Kc2 Bd4 45. Ne1 Kb6 46. Kb3 Bf2 47. Nd3 Bd4 48. Ka3 e5 49. Ne1 e4 50. fxe4 Bc3 51. Nf3 h6 52. Kb3 Bf6 53. Ka3 Kc6 54. a5 Bd8 55. Ka4 Bc7 56. e5 Bb8 57. Kb3 Kb7 58. Ka4 Ka6 59. e6 Bd6 60. Ne5 Be7 1/2-1/2

[Event "Crawley e2e4 Gatwick op U1650"]
[Site "Crawley"]
[Date "2016.05.27"]
[Round "1"]
[White "Metcalfe, Charlie P"]
[Black "Bullock, Lee"]
[Result "0-1"]
[WhiteElo "1449"]
[BlackElo "1556"]
[PlyCount "68"]
[EventDate "2016.05.27"]
[EventType "swiss"]
[EventRounds "7"]
[EventCountry "ENG"]
[SourceTitle "EXT 2019"]
[Source "ChessBase"]
[SourceDate "2018.10.10"]
[SourceVersion "1"]
[SourceVersionDate "2018.10.10"]
[SourceQuality "1"]

1. d4 Nf6 2. c4 e6 3. Nf3 c5 4. Nc3 b6 5. Bf4 Bb7 6. e3 a6 7. Bd3 d5 8. 0-0 dxc4 9. Bxc4 Nbd7 10. h3 Be7 11. Qe2 cxd4 12. exd4 b5 13. Bd3 0-0 14. Bc2 Rc8 15. Rac1 Nb6 16. Be5 Nc4 17. Bb1 Bxf3 18. gxf3 Bd6 19. f4 g6 20. Bd3 Nh5 21. Bxc4 Rxc4 22. Rfd1 Nxf4 23. Qe3 Qg5+ 24. Qg3 Qxg3+ 25. fxg3 Nxh3+ 26. Kg2 Bxe5 27. dxe5 Ng5 28. Rd6 Rfc8 29. Re1 b4 30. Na4 Rc2+ 31. Kf1 Rh2 32. Rxa6 Rcc2 33. Re2 Rcxe2 34. Rd6 Rhf2+ 0-1